000 00703nam a2200205Ia 4500
005 20250508165928.0
008 008 250505s9999 xx 000 0 eng d
037 _aTextBook
040 _aFEDL
_beng
_cFEDL
041 _aeng
_2eng
084 _a801.42, KOZ/R
_qFEDL
100 _aKozuh Boris Ed.
_9782439
245 0 _aNew paradigms and methods in educational and social research
260 _aLos Angeles, USA
_bGraduate Education Initiatives
_c2007
300 _a277p.
546 _aGifted by HOD Namita Ranganathan in memory of Prof. Arvind Gaysu
700 _a Kahn Richard Ed. Kozlowska Anna and others Ed.
_9782440
942 _cTB
_h801.42, KOZ/R
999 _c1398238
_d1398238